MARC details
| 000 -LEADER |
| campo de control de longitud fija |
01721nas a2200409 i 4500 |
| 001 - NÚMERO DE CONTROL |
| campo de control |
2083 |
| 003 - IDENTIFICADOR DE NÚMERO DE CONTROL |
| campo de control |
ES-MaACL |
| 005 - FECHA Y HORA DE LA ÚLTIMA TRANSACCIÓN |
| campo de control |
20251013215854.0 |
| 007 - CAMPO FIJO DE DESCRIPCIÓN FÍSICA--INFORMACIÓN GENERAL |
| campo de control de longitud fija |
t| |
| 008 - DATOS DE LONGITUD FIJA--INFORMACIÓN GENERAL |
| campo de control de longitud fija |
950801d18941933fr | p | ||re d |
| 080 ## - NÚMERO DE LA CLASIFICACIÓN DECIMAL UNIVERSAL |
| Número de la Clasificación Decimal Universal |
93/99 |
| 080 ## - NÚMERO DE LA CLASIFICACIÓN DECIMAL UNIVERSAL |
| Número de la Clasificación Decimal Universal |
811.134.2 |
| 080 ## - NÚMERO DE LA CLASIFICACIÓN DECIMAL UNIVERSAL |
| Número de la Clasificación Decimal Universal |
811.134.3 |
| 245 00 - MENCIÓN DEL TÍTULO |
| Título |
Revue hispanique |
| Resto del título |
: recueil consacré à l'étude des langues, des littératures et de l'histoire des pays castillans, catalans et portugais / |
| Mención de responsabilidad, etc. |
publié par R. Foulché-Delbosc. |
| 260 ## - PUBLICACIÓN, DISTRIBUCIÓN, ETC. |
| Lugar de publicación, distribución, etc. |
Paris : |
| Nombre del editor, distribuidor, etc. |
Alphonse Picard et Fils, |
| Fecha de publicación, distribución, etc. |
1894-1933 ( |
| Fabricante |
Macon Protat Fréres) |
| 300 ## - DESCRIPCIÓN FÍSICA |
| Extensión |
76 v. ; |
| Dimensiones |
24 cm. |
| 310 ## - PERIODICIDAD ACTUAL |
| Periodicidad actual |
Bimensual, |
| Fecha de comienzo de la periodicidad actual |
1914-1933 |
| 321 ## - PERIODICIDAD ANTERIOR |
| Periodicidad anterior |
Tres veces al año, |
| Fechas de la periodicidad anterior |
1894-1897 |
| 321 ## - PERIODICIDAD ANTERIOR |
| Periodicidad anterior |
Trimestral, |
| Fechas de la periodicidad anterior |
1898-1913 |
| 362 1# - FECHAS DE PUBLICACIÓN Y/O DESIGNACIÓN SECUENCIAL |
| Fecha de publicación y/o designación secuencial |
1. Année, n. 1 (mars 1894) Año I (mar. 1894)--v. 81, 2. partie (1933) |
| 500 ## - NOTA GENERAL |
| Nota general |
No se publicó en 1931-32. |
| 500 ## - NOTA GENERAL |
| Nota general |
El v. 81 de 1933 es extraordinario. |
| 515 ## - NOTA DE PECULIARIDADES DE LA NUMERACIÓN |
| Nota de peculiaridades de la numeración |
A partir de 1905 no figura el año de la publicación y se editan 2 t. al año. |
| 515 ## - NOTA DE PECULIARIDADES DE LA NUMERACIÓN |
| Nota de peculiaridades de la numeración |
No se publicó en 1931-32. |
| 550 ## - NOTA DE ENTIDAD RESPONSABLE |
| Nota de entidad responsable |
Desde 1905 publicada con la colaboración de: The Hispanic Society of America. |
| 555 ## - NOTA DE ÍNDICE ACUMULATIVO U OTROS INSTRUMENTOS BIBLIOGRÁFICOS |
| Nota de índice acumulativo u otros instrumentos bibliográficos |
Indices: v. 1-10 (1894-1903) en v. 10; v. 1-25 (1894-1911) en v. 25; v. 1-50 (1894-1920) en v. 50. |
| 650 04 - PUNTO DE ACCESO ADICIONAL DE MATERIA--TÉRMINO DE MATERIA |
| Término de materia o nombre geográfico como elemento de entrada |
Filología española. |
| 9 (RLIN) |
12796 |
| 650 #4 - PUNTO DE ACCESO ADICIONAL DE MATERIA--TÉRMINO DE MATERIA |
| Término de materia o nombre geográfico como elemento de entrada |
Filología portuguesa. |
| 9 (RLIN) |
148484 |
| 650 07 - PUNTO DE ACCESO ADICIONAL DE MATERIA--TÉRMINO DE MATERIA |
| Término de materia o nombre geográfico como elemento de entrada |
Literatura española |
| Fuente del encabezamiento o término |
embne |
| 9 (RLIN) |
14539 |
| 650 #4 - PUNTO DE ACCESO ADICIONAL DE MATERIA--TÉRMINO DE MATERIA |
| Término de materia o nombre geográfico como elemento de entrada |
Literatura portuguesa. |
| 9 (RLIN) |
136431 |
| 700 1# - ENTRADA AGREGADA--NOMBRE PERSONAL |
| Nombre de persona |
Foulché-Delbosc, Raymond, |
| Fechas asociadas al nombre |
1864-1929 |
| 9 (RLIN) |
51941 |
| 710 2# - ENTRADA AGREGADA--NOMBRE DE ENTIDAD CORPORATIVA |
| Nombre de entidad corporativa o nombre de jurisdicción como elemento de entrada |
Hispanic Society of America. |
| 9 (RLIN) |
4583 |
| 852 ## - LOCALIZACIÓN |
| Ubicación |
ES-MaACL |
| Número de control de estantería |
K-1 |
| Nota libre |
Colocada al final de los armarios |
| Ubicación en estantería |
Administración |
| itemnumber |
2122 |
| 866 #0 - MENCIÓN TEXTUAL DE FONDOS--UNIDAD BIBLIOGRÁFICA BÁSICA |
| Fondos |
1894-1914(1915 f. v. 34-35)1916-30.1933 |
| 942 ## - ELEMENTOS DE ENTRADA SECUNDARIOS (KOHA) |
| Fuente del sistema de clasificación o colocación |
Clasificación decimal universal |